<?xml version="1.0" encoding="UTF-8"?>
<record
    xmlns:xsi="http://www.w3.org/2001/XMLSchema-instance"
    xsi:schemaLocation="http://www.loc.gov/MARC21/slim http://www.loc.gov/standards/marcxml/schema/MARC21slim.xsd"
    xmlns="http://www.loc.gov/MARC21/slim">

  <leader>00317nam a2200133Ia 4500</leader>
  <controlfield tag="008">191201s2009    xx            000 0 und d</controlfield>
  <datafield tag="082" ind1=" " ind2=" ">
    <subfield code="a">658.84</subfield>
    <subfield code="b">CHS</subfield>
  </datafield>
  <datafield tag="100" ind1=" " ind2=" ">
    <subfield code="a">CHOPRA, Sunil</subfield>
  </datafield>
  <datafield tag="245" ind1=" " ind2="0">
    <subfield code="a">Supply Chain Management</subfield>
  </datafield>
  <datafield tag="260" ind1=" " ind2=" ">
    <subfield code="a">N.Delhi</subfield>
    <subfield code="b">Pearson Education</subfield>
    <subfield code="c">2009</subfield>
  </datafield>
  <datafield tag="300" ind1=" " ind2=" ">
    <subfield code="a">643</subfield>
  </datafield>
  <datafield tag="650" ind1=" " ind2=" ">
    <subfield code="a">MBA</subfield>
  </datafield>
  <datafield tag="942" ind1=" " ind2=" ">
    <subfield code="2">ddc</subfield>
    <subfield code="c">BK</subfield>
  </datafield>
  <datafield tag="999" ind1=" " ind2=" ">
    <subfield code="c">2995</subfield>
    <subfield code="d">2995</subfield>
  </datafield>
  <datafield tag="952" ind1=" " ind2=" ">
    <subfield code="0">0</subfield>
    <subfield code="1">0</subfield>
    <subfield code="2">ddc</subfield>
    <subfield code="4">0</subfield>
    <subfield code="7">0</subfield>
    <subfield code="8">MBA</subfield>
    <subfield code="a">PIET</subfield>
    <subfield code="b">PIET</subfield>
    <subfield code="d">2007-08-21</subfield>
    <subfield code="e">J B C, New Delhi</subfield>
    <subfield code="g">275.00</subfield>
    <subfield code="k">712</subfield>
    <subfield code="l">0</subfield>
    <subfield code="o">658.84 CHS</subfield>
    <subfield code="p">6937</subfield>
    <subfield code="r">2019-12-04 00:00:00</subfield>
    <subfield code="w">2007-07-30</subfield>
    <subfield code="y">BK</subfield>
  </datafield>
  <datafield tag="952" ind1=" " ind2=" ">
    <subfield code="0">0</subfield>
    <subfield code="1">0</subfield>
    <subfield code="2">ddc</subfield>
    <subfield code="4">0</subfield>
    <subfield code="7">0</subfield>
    <subfield code="8">MBA</subfield>
    <subfield code="a">PIET</subfield>
    <subfield code="b">PIET</subfield>
    <subfield code="d">2007-08-21</subfield>
    <subfield code="e">J B C, New Delhi</subfield>
    <subfield code="g">275.00</subfield>
    <subfield code="k">712</subfield>
    <subfield code="l">16</subfield>
    <subfield code="o">658.7 CHS</subfield>
    <subfield code="p">6938</subfield>
    <subfield code="r">2025-05-08 00:00:00</subfield>
    <subfield code="s">2025-04-29</subfield>
    <subfield code="w">2007-07-30</subfield>
    <subfield code="y">BK</subfield>
  </datafield>
  <datafield tag="952" ind1=" " ind2=" ">
    <subfield code="0">0</subfield>
    <subfield code="1">0</subfield>
    <subfield code="2">ddc</subfield>
    <subfield code="4">0</subfield>
    <subfield code="7">0</subfield>
    <subfield code="8">MBA</subfield>
    <subfield code="a">PIET</subfield>
    <subfield code="b">PIET</subfield>
    <subfield code="d">2007-08-21</subfield>
    <subfield code="e">J B C, New Delhi</subfield>
    <subfield code="g">275.00</subfield>
    <subfield code="k">712</subfield>
    <subfield code="l">10</subfield>
    <subfield code="o">658.7 CHS</subfield>
    <subfield code="p">6939</subfield>
    <subfield code="r">2024-06-17 00:00:00</subfield>
    <subfield code="s">2024-06-01</subfield>
    <subfield code="w">2007-07-30</subfield>
    <subfield code="y">BK</subfield>
  </datafield>
  <datafield tag="952" ind1=" " ind2=" ">
    <subfield code="0">0</subfield>
    <subfield code="1">0</subfield>
    <subfield code="2">ddc</subfield>
    <subfield code="4">0</subfield>
    <subfield code="7">0</subfield>
    <subfield code="8">MBA</subfield>
    <subfield code="a">PIET</subfield>
    <subfield code="b">PIET</subfield>
    <subfield code="d">2015-01-21</subfield>
    <subfield code="e">KIRTI PRAKASHAN, NEW DELHI</subfield>
    <subfield code="g">650.00</subfield>
    <subfield code="k">IN2083</subfield>
    <subfield code="l">0</subfield>
    <subfield code="o">658.84 CHS</subfield>
    <subfield code="p">25145</subfield>
    <subfield code="r">2019-12-04 00:00:00</subfield>
    <subfield code="v">435.50</subfield>
    <subfield code="w">2015-01-12</subfield>
    <subfield code="y">BK</subfield>
  </datafield>
  <datafield tag="952" ind1=" " ind2=" ">
    <subfield code="0">0</subfield>
    <subfield code="1">0</subfield>
    <subfield code="2">ddc</subfield>
    <subfield code="4">0</subfield>
    <subfield code="7">0</subfield>
    <subfield code="8">BBA</subfield>
    <subfield code="a">PIET</subfield>
    <subfield code="b">PIET</subfield>
    <subfield code="d">2016-06-17</subfield>
    <subfield code="e">PHI</subfield>
    <subfield code="g">325.00</subfield>
    <subfield code="k">TCM/2016/10403</subfield>
    <subfield code="l">3</subfield>
    <subfield code="o">658.84 CHS</subfield>
    <subfield code="p">28694</subfield>
    <subfield code="r">2024-06-18 00:00:00</subfield>
    <subfield code="s">2024-06-03</subfield>
    <subfield code="v">122.44</subfield>
    <subfield code="w">2016-06-13</subfield>
    <subfield code="y">BK</subfield>
  </datafield>
  <datafield tag="952" ind1=" " ind2=" ">
    <subfield code="0">0</subfield>
    <subfield code="1">0</subfield>
    <subfield code="2">ddc</subfield>
    <subfield code="4">0</subfield>
    <subfield code="7">0</subfield>
    <subfield code="8">BBA</subfield>
    <subfield code="a">PIET</subfield>
    <subfield code="b">PIET</subfield>
    <subfield code="d">2016-06-17</subfield>
    <subfield code="e">PHI</subfield>
    <subfield code="g">325.00</subfield>
    <subfield code="k">TCM/2016/10403</subfield>
    <subfield code="l">3</subfield>
    <subfield code="o">658.84 CHS</subfield>
    <subfield code="p">28695</subfield>
    <subfield code="r">2024-06-13 00:00:00</subfield>
    <subfield code="s">2024-05-30</subfield>
    <subfield code="v">122.44</subfield>
    <subfield code="w">2016-06-13</subfield>
    <subfield code="y">BK</subfield>
  </datafield>
</record>
